All WSL teams ever - Statistics

General Stats
  • This quiz has been taken 74 times
    48 since last reset
  • The average score is 16 of 20
Answer Stats
Answer % Correct
Arsenal
100%
Aston Villa
100%
Birmingham City
100%
Brighton and Hove Albion
100%
Bristol City
100%
Chelsea
100%
Tottenham Hotspur
100%
West Ham United
100%
Everton
89%
Liverpool
89%
London City Lionesses
89%
Manchester City
89%
Manchester United
89%
Crystal Palace
78%
Leicester City
78%
Sunderland
78%
Reading
67%
Yeovil Town
44%
Notts County
22%
Doncaster Rovers Belles
0%
No matching quizzes found
Score Distribution
Percent of People with Each Score
Percentile by Number Answered
Your Score History
You have not taken this quiz since the last reset